Normal view
MARC view
- Zhou, Jian-Ming
Entry Personal Name
001 - CONTROL NUMBER
- control field: 115675
003 - CONTROL NUMBER IDENTIFIER
- control field: NUST
005 - DATE AND TIME OF LATEST TRANSACTION
- control field: 20230912165455.0
008 - FIXED-LENGTH DATA ELEMENTS
- fixed length control field: 230912|| aca||aabn | a|a d
040 ## - CATALOGING SOURCE
- Original cataloging agency: NUST
- Transcribing agency: NUST
100 ## - HEADING--PERSONAL NAME
- Personal name: Zhou, Jian-Ming
670 ## - SOURCE DATA FOUND
- Source citation: Work cat.: (NUST): Zhou, Jian-Ming., Sustainable development in Asia, America, and Europe with global applications :, 2001
